000 00370nam a2200145Ia 4500
008 240624s9999 xx 000 0 und d
041 _aeng
082 _a658.46 DAD
100 _aSADLER PHILIP
245 _aHANDBOOK OF MANAGEMENT CONSULTANCY
250 _a(2nd ed.)
260 _c2006
_aNew Delhi
_bKogan Page
300 _axvi, : 496 : p. : cm. ; 23
365 _cRS
_b32
999 _c7633
_d7633